<?xml version="1.0" encoding="UTF-8"?>
<marc:record xmlns:marc="http://www.loc.gov/MARC21/slim">
   <marc:leader>00000nam a2200000 a 4500</marc:leader>
   <marc:datafield ind1="1" ind2=" " tag="100">
      <marc:subfield code="a">Sendera, Alice</marc:subfield>
      <marc:subfield code="4">aut</marc:subfield>
      <marc:subfield code="e">Verfasser/-in</marc:subfield>
   </marc:datafield>
   <marc:datafield ind1="1" ind2=" " tag="100">
      <marc:subfield code="a">Sendera, Martina</marc:subfield>
      <marc:subfield code="4">aut</marc:subfield>
      <marc:subfield code="e">Verfasser/-in</marc:subfield>
   </marc:datafield>
   <marc:datafield ind1=" " ind2=" " tag="653">
      <marc:subfield code="a">Borderline-Persönlichkeitsstörung</marc:subfield>
   </marc:datafield>
   <marc:datafield ind1=" " ind2=" " tag="653">
      <marc:subfield code="a">Zwischenmenschliche Beziehung</marc:subfield>
   </marc:datafield>
   <marc:datafield ind1=" " ind2=" " tag="653">
      <marc:subfield code="a">Angehörige</marc:subfield>
   </marc:datafield>
   <marc:datafield ind1=" " ind2=" " tag="653">
      <marc:subfield code="a">Anleitungen</marc:subfield>
   </marc:datafield>
   <marc:datafield ind1=" " ind2=" " tag="653">
      <marc:subfield code="a">Beziehungsverhalten</marc:subfield>
   </marc:datafield>
   <marc:datafield ind1=" " ind2=" " tag="653">
      <marc:subfield code="a">Borderline</marc:subfield>
   </marc:datafield>
   <marc:datafield ind1=" " ind2=" " tag="653">
      <marc:subfield code="a">Patienten</marc:subfield>
   </marc:datafield>
   <marc:datafield ind1=" " ind2=" " tag="653">
      <marc:subfield code="a">Ratgeber</marc:subfield>
   </marc:datafield>
   <marc:datafield ind1=" " ind2=" " tag="653">
      <marc:subfield code="a">Störungsbild</marc:subfield>
   </marc:datafield>
   <marc:datafield ind1=" " ind2=" " tag="653">
      <marc:subfield code="a">Softcover / Psychologie/Angewandte Psychologie</marc:subfield>
   </marc:datafield>
   <marc:datafield ind1="0" ind2="0" tag="245">
      <marc:subfield code="a">Borderline - die andere Art zu fühlen</marc:subfield>
   </marc:datafield>
   <marc:datafield ind1="0" ind2="0" tag="245">
      <marc:subfield code="b">Beziehungen verstehen und leben</marc:subfield>
   </marc:datafield>
   <marc:datafield ind1="0" ind2="0" tag="245">
      <marc:subfield code="c">Alice Sendera, Martina Sendera</marc:subfield>
   </marc:datafield>
   <marc:datafield ind1=" " ind2="1" tag="264">
      <marc:subfield code="a">Berlin</marc:subfield>
      <marc:subfield code="b">Springer</marc:subfield>
   </marc:datafield>
   <marc:datafield ind1=" " ind2=" " tag="250">
      <marc:subfield code="a">2. Auflage</marc:subfield>
   </marc:datafield>
   <marc:datafield ind1="1" ind2=" " tag="520">
      <marc:subfield code="a">Angaben aus der Verlagsmeldung

Borderline - Die andere Art zu fühlen : Beziehungen verstehen und leben / von Alice Sendera, Martina Sendera

Die Autorinnen bieten einen Überblick über das Störungsbild, Entstehung, neurobiologische und pharmakotherapeutische Grundlagen sowie Therapiemöglichkeiten und stellen Problemverhalten, dysfunktionale Schemata, Beziehungsfallen, Emotions- und Bindungstheorien dar. Lösungsansätze sowie Übungsbeispiele ergänzen dieses Wissen, dabei wird auf praktische Umsetzbarkeit Wert gelegt. Texte von Angehörigen, Professionisten und Literaturstellen lockern die Theorie auf.Beziehungsverhalten von Menschen mit Borderline-Syndrom ist für Betroffene, Angehörige, Freunde, Therapeuten und Menschen aus dem Pflege- und Sozialbereich oft eine große Herausforderung. Fundiertes Wissen um das Störungsbild und das daraus resultierende Verständnis sowie sinnvolle Kommunikation und achtsamer Umgang mit sich selbst können in einer Borderline-Beziehung eine große Hilfe sein.Die 2. Auflage wurde inhaltlich erweitert und dem neuesten Stand angepasst. Zudem wurde ein Lehrfilm zum Erkennen von Schemata einer typischen Borderline-Partner-Interaktion ergänzt. Das Buch ist ein wertvoller Begleiter für alle, die sich mit diesen Themen befassen und persönlich oder beruflich Kontakt zu Borderline-Persönlichkeiten haben.
</marc:subfield>
   </marc:datafield>
   <marc:datafield ind1=" " ind2=" " tag="020">
      <marc:subfield code="a">9783662480021</marc:subfield>
      <marc:subfield code="9">9783662480021</marc:subfield>
   </marc:datafield>
   <marc:datafield ind1=" " ind2=" " tag="020">
      <marc:subfield code="a">3662480026</marc:subfield>
      <marc:subfield code="9">3662480026</marc:subfield>
   </marc:datafield>
   <marc:datafield ind1=" " ind2=" " tag="041">
      <marc:subfield code="a">ger</marc:subfield>
   </marc:datafield>
   <marc:datafield ind1=" " ind2=" " tag="300">
      <marc:subfield code="a">XIII, 165 Seiten</marc:subfield>
   </marc:datafield>
</marc:record>
